Biggest British Islands cities within 100 km, with a map - Statistics

General Stats
  • This quiz has been taken 146 times
  • The average score is 16 of 20
Answers on the Map
Answers color-coded by a green-red scale on the quiz's map according to % correct below.
 
Answer Stats
Pop City % Correct
1.17 M Dublin
99%
10.6 M London
98%
616 k Belfast
97%
1.00 M Glasgow
97%
2.70 M Manchester
96%
208 k Cork
95%
804 k Newcastle
95%
2.57 M Birmingham
94%
212 k Aberdeen
90%
901 k Southampton
89%
670 k Bristol
88%
62 k Inverness
86%
91 k Londonderry
86%
265 k Plymouth
86%
229 k Norwich
80%
53 k Waterford
66%
33 k St Helier
48%
6.6 k Lerwick
45%
4.9 k Stornoway
45%
7.4 k Thurso
33%
No matching quizzes found
Score Distribution
Percent of People with Each Score
Percentile by Number Answered
Your Score History
You have not taken this quiz